Kalhoty po mrtvém /

Pátý návrat do světa kultovního Trainspottingu je údajně posledním návratem k neobyčejné squadře antihrdinů, jejichž prostřednictvím autor ukazuje odvrácenou tvář Skotska.

Hlavní autor: Welsh, Irvine, 1958-
Další autoři: Tolimat, Rani, 1970-
Jazyk: Čeština
Vydáno: Praha : Argo, 2019
Vydání: První vydání
Témata:
Fyzický popis: 390 stran ; 21 cm
Knihy
Uloženo v:
LEADER 01975nam a2200421 i 4500
001 nkc20193163960
003 CZ PrNK
005 20200625090352.0
007 ta
008 191206s2019 xr g 000 f cze
015 |a cnb003163960 
020 |a 978-80-257-3055-3  |q (vázáno) 
035 |a (OCoLC)1200248238 
040 |a ABG001  |b cze  |d ABA001  |e rda 
041 1 |a cze  |h eng 
072 7 |a 821.111-3  |x Anglická próza, anglicky psaná  |2 Konspekt  |9 25 
080 |a 821.111(410.5)-31  |2 MRF 
080 |a (0:82-31)  |2 MRF 
100 1 |a Welsh, Irvine,  |d 1958-  |7 jo20010087026  |4 aut 
240 1 0 |a Dead men's trousers.  |l Česky 
245 1 0 |a Kalhoty po mrtvém /  |c Irvine Welsh ; přeložil Rani Tolimat 
250 |a První vydání 
264 1 |a Praha :  |b Argo,  |c 2019 
300 |a 390 stran ;  |c 21 cm 
336 |a text  |b txt  |2 rdacontent 
337 |a bez média  |b n  |2 rdamedia 
338 |a svazek  |b nc  |2 rdacarrier 
500 |a Přeloženo z angličtiny 
520 2 |a Pátý návrat do světa kultovního Trainspottingu je údajně posledním návratem k neobyčejné squadře antihrdinů, jejichž prostřednictvím autor ukazuje odvrácenou tvář Skotska.  |b Literární návrat prostopášného gangu opilců, narkomanů, HIV pozitivních - zkrátka grázlíků všeho druhu v další fázi jejich životů přináší čtenářům známou dávku satiry, černého humoru i dojemné beznaděje. Osudy svérázných hrdinů Marka, Begbieho, Simona a Spuda se protnou v Edinburghu na Frankově výstavě a bývalí parťáci zde po svém podtrhnou a sečtou nezaplacené účty. 
655 7 |a skotské romány (anglicky)  |7 fd133439  |2 czenas 
655 9 |a Scottish fiction (English)  |2 eczenas 
700 1 |a Tolimat, Rani,  |d 1970-  |7 xx0075417  |4 trl 
910 2 |a BOA001  |b 2-1439.506 
920 |a 4511598  |z ABG001 
990 |a BK 
995 |a 01 
991 |b 202001  |c NOV 
996 6 |b 2610809719  |c 2-1439.506  |l MZK  |r Sklad / do 1 hodiny  |n 0  |p p.v.  |w 001774368  |u 000010  |a 1  |e BOA001  |j MZK50  |s P